| 000 | 00503nam a22001577a 4500 | ||
|---|---|---|---|
| 003 | OSt | ||
| 005 | 20221014173952.0 | ||
| 008 | 221014b |||||||| |||| 00| 0 eng d | ||
| 040 | _cBiblioteca Lado V | ||
| 082 |
_a708 _bP293l |
||
| 100 |
_9189 _aPastor Mellado, Justo _ecurador |
||
| 245 |
_aEl Lugar sin limites/ _bArte Contemporáneo de Chile/ |
||
| 260 |
_aChile _bMinisterio de Relaciones Exteriores de Chile _c1999 |
||
| 300 |
_a50p. _c16x20cm |
||
| 942 |
_2ddc _c1 _h708 _iP293l _n0 |
||
| 999 |
_c2325 _d2325 |
||